[Event "IECG TE.2006.P.02312 email"]
[Site "IECG email"]
[Date "2006.12.20"]
[Round "?"]
[White "Chapado, Roberto"]
[Black "Mahony, Michael"]
[Result "1-0"]
[WhiteElo "2161"]
[BlackElo "1996"]
[PlyCount "21"]
[EventDate "2006.12.20"]
[EventType "tourn (corr)"]
[EventRounds "12"]
[SourceTitle "Corr 2024"]
[Source "ChessBase"]
[SourceDate "2023.10.19"]
[SourceVersion "1"]
[SourceVersionDate "2023.10.19"]
[SourceQuality "1"]

1. e4 c5 2. c3 d5 3. exd5 Qxd5 4. d4 Nf6 5. Nf3 Bg4 6. Be2 e6 7. h3 Bh5 8. 0-0 Nc6 9. Na3 cxd4 10. Nb5 Rc8 11. Nbxd4 1-0

[Event "IECG TE.2006.P.02314 email"]
[Site "IECG email"]
[Date "2006.12.20"]
[Round "?"]
[White "Mahony, Michael"]
[Black "Feng, Jason"]
[Result "0-1"]
[WhiteElo "1996"]
[BlackElo "1394"]
[PlyCount "30"]
[EventDate "2006.12.20"]
[EventType "tourn (corr)"]
[EventRounds "12"]
[SourceTitle "Corr 2024"]
[Source "ChessBase"]
[SourceDate "2023.10.19"]
[SourceVersion "1"]
[SourceVersionDate "2023.10.19"]
[SourceQuality "1"]

1. e4 c5 2. c3 e6 3. d4 d5 4. exd5 exd5 5. Be3 c4 6. b3 b5 7. a4 Qa5 8. bxc4 bxc4 9. Qf3 Ba6 10. Nh3 Nf6 11. Bf4 Be7 12. Be2 0-0 13. 0-0 Ne4 14. Bd1 Nd7 15. Bc2 Ndf6 0-1

[Event "IECG TE.2006.P.02314 email"]
[Site "IECG email"]
[Date "2006.12.20"]
[Round "?"]
[White "Orsolic, Marijan"]
[Black "Mahony, Michael"]
[Result "1-0"]
[WhiteElo "2155"]
[BlackElo "1996"]
[PlyCount "25"]
[EventDate "2006.12.20"]
[EventType "tourn (corr)"]
[EventRounds "12"]
[SourceTitle "Corr 2024"]
[Source "ChessBase"]
[SourceDate "2023.10.19"]
[SourceVersion "1"]
[SourceVersionDate "2023.10.19"]
[SourceQuality "1"]

1. e4 c5 2. c3 d5 3. exd5 Qxd5 4. d4 Nc6 5. Nf3 Bg4 6. Be2 cxd4 7. cxd4 e6 8. Nc3 Qa5 9. h3 Bh5 10. d5 exd5 11. Nd4 Nxd4 12. Bxh5 Ne6 13. 0-0 1-0

[Event "IECG TE.2006.P.02312 email"]
[Site "IECG email"]
[Date "2006.12.20"]
[Round "1"]
[White "Tobey, Al E"]
[Black "Mahony, Michael"]
[Result "1-0"]
[WhiteElo "615"]
[BlackElo "1996"]
[PlyCount "35"]
[EventDate "2006.12.20"]
[EventType "tourn (corr)"]
[EventRounds "12"]
[SourceTitle "Corr 2024"]
[Source "ChessBase"]
[SourceDate "2023.10.19"]
[SourceVersion "1"]
[SourceVersionDate "2023.10.19"]
[SourceQuality "1"]

1. e4 c5 2. c3 d5 3. e5 Nc6 4. Bb5 Bd7 5. Nf3 Nxe5 6. Bxd7+ Nxd7 7. 0-0 e6 8. Re1 Ngf6 9. d4 Qb6 10. Na3 cxd4 11. cxd4 Bd6 12. Qa4 a6 13. Ne5 Qb4 14. Qd1 0-0 15. Nc2 Qb5 16. a4 Qb3 17. Re3 Qb6 18. a5 1-0

[Event "CFriend SH-2003-0-00003 email"]
[Site "Chessfriend.com"]
[Date "2003.02.19"]
[Round "1"]
[White "Mahony, Michael"]
[Black "Gomez Galan Arense, Joaquin"]
[Result "0-1"]
[WhiteElo "2054"]
[BlackElo "2012"]
[PlyCount "42"]
[EventDate "2003.02.19"]
[EventType "tourn (corr)"]
[EventRounds "10"]
[SourceTitle "Corr 2024"]
[Source "ChessBase"]
[SourceDate "2023.10.19"]
[SourceVersion "1"]
[SourceVersionDate "2023.10.19"]
[SourceQuality "1"]

1. e4 e5 2. f4 exf4 3. Nf3 g5 4. h4 g4 5. Ne5 Nf6 6. d4 d6 7. Nd3 Nxe4 8. Bxf4 Qe7 9. Qe2 Nc6 10. c3 Bg7 11. Nd2 Bf5 12. Nxe4 Qxe4 13. Qxe4+ Bxe4 14. Nf2 Bf5 15. h5 Ne7 16. Bd3 Bxd3 17. Nxd3 h6 18. 0-0 0-0 19. Rfe1 Rae8 20. Kh2 Nd5 21. Rad1 f5 0-1

[Event "IECG CB.2002.0.00025 email"]
[Site "IECG email"]
[Date "2002.01.09"]
[Round "1"]
[White "Mahony, Michael"]
[Black "St Amour, Philippe"]
[Result "1-0"]
[WhiteElo "1920"]
[BlackElo "1891"]
[PlyCount "31"]
[EventDate "2002.01.09"]
[EventType "tourn (corr)"]
[EventRounds "6"]
[SourceTitle "Corr 2024"]
[Source "ChessBase"]
[SourceDate "2023.10.19"]
[SourceVersion "1"]
[SourceVersionDate "2023.10.19"]
[SourceQuality "1"]

1. e4 e5 2. Nf3 Nc6 3. Bb5 g6 4. d4 exd4 5. Bg5 Be7 6. Bxe7 Qxe7 7. Bxc6 Qb4+ 8. c3 Qxb2 9. Qxd4 Qxa1 10. 0-0 bxc6 11. Qxh8 Kf8 12. Ng5 Bb7 13. Nxh7+ Ke7 14. Qe5+ Kd8 15. Qc5 Ne7 16. Qd4 1-0

[Event "IECG CB.2002.0.00025 email"]
[Site "IECG email"]
[Date "2002.01.02"]
[Round "1"]
[White "Lannaioli, Alfonsino"]
[Black "Mahony, Michael"]
[Result "0-1"]
[WhiteElo "1959"]
[BlackElo "1920"]
[PlyCount "52"]
[EventDate "2002.01.09"]
[EventType "tourn (corr)"]
[EventRounds "6"]
[SourceTitle "Corr 2024"]
[Source "ChessBase"]
[SourceDate "2023.10.19"]
[SourceVersion "1"]
[SourceVersionDate "2023.10.19"]
[SourceQuality "1"]

1. d4 Nf6 2. c4 g6 3. Nc3 Bg7 4. e4 d6 5. f4 0-0 6. Be2 c5 7. Nf3 cxd4 8. Nxd4 Nc6 9. Be3 Bg4 10. Nxc6 Bxe2 11. Nxd8 Bxd1 12. Rxd1 Rfxd8 13. Bd4 Rac8 14. b3 a6 15. h3 Nh5 16. Bxg7 Kxg7 17. Rf1 b5 18. g4 Nf6 19. e5 Ne8 20. Nd5 dxe5 21. Nxe7 Rxd1+ 22. Kxd1 Rc5 23. cxb5 axb5 24. Rf2 exf4 25. Rxf4 Kf8 26. Re4 Nf6 0-1

[Event "IECG CB.2002.0.00025 email"]
[Site "IECG email"]
[Date "2002.01.02"]
[Round "1"]
[White "Mahony, Michael"]
[Black "Ginther, Ron"]
[Result "1-0"]
[WhiteElo "1920"]
[BlackElo "1954"]
[PlyCount "67"]
[EventDate "2002.01.09"]
[EventType "tourn (corr)"]
[EventRounds "6"]
[SourceTitle "Corr 2024"]
[Source "ChessBase"]
[SourceDate "2023.10.19"]
[SourceVersion "1"]
[SourceVersionDate "2023.10.19"]
[SourceQuality "1"]

1. e4 c6 2. d4 d5 3. exd5 cxd5 4. c4 Nf6 5. Nc3 g6 6. Bf4 Bg7 7. Nf3 Nc6 8. Ne5 Be6 9. c5 Nh5 10. Nxc6 bxc6 11. Be3 Rb8 12. Qd2 f5 13. 0-0-0 Qc7 14. Ne2 Bf7 15. Ng3 Nxg3 16. hxg3 e5 17. Re1 Kd7 18. Bh6 Bxh6 19. Rxh6 exd4 20. g4 Qd8 21. g5 Qf8 22. Qxd4 Re8 23. Rxe8 Qxe8 24. Kd1 Qd8 25. Qe5 Qb8 26. Qf6 Qf8 27. Rh3 d4 28. Ra3 Bb3+ 29. axb3 Qxf6 30. Rxa7+ Ke6 31. Bc4+ Ke5 32. gxf6 Kxf6 33. Rc7 Kg5 34. Rxc6 1-0

[Event "IECG CB.2002.0.00025 email"]
[Site "IECG email"]
[Date "2002.01.02"]
[Round "1"]
[White "Windels, Luc"]
[Black "Mahony, Michael"]
[Result "0-1"]
[WhiteElo "1850"]
[BlackElo "1920"]
[PlyCount "90"]
[EventDate "2002.01.09"]
[EventType "tourn (corr)"]
[EventRounds "6"]
[SourceTitle "Corr 2024"]
[Source "ChessBase"]
[SourceDate "2023.10.19"]
[SourceVersion "1"]
[SourceVersionDate "2023.10.19"]
[SourceQuality "1"]

1. d4 Nf6 2. Nf3 e6 3. Bf4 c5 4. e3 Qb6 5. Nc3 a6 6. dxc5 Bxc5 7. Na4 Qa5+ 8. c3 Ba7 9. b4 Qd8 10. Bd6 Ne4 11. b5 Nxd6 12. Qxd6 axb5 13. Bxb5 Qe7 14. Qd3 0-0 15. c4 Na6 16. 0-0 d6 17. Bxa6 bxa6 18. Rad1 Rd8 19. c5 d5 20. Rc1 Bd7 21. c6 Be8 22. c7 Rdc8 23. Nc3 Qxc7 24. Ng5 g6 25. Qd2 Bc5 26. Ne2 Bb5 27. Nf3 Rab8 28. Rfd1 Bc4 29. Rc2 Bb4 30. Qd4 Bf8 31. Qg4 Bg7 32. Ned4 e5 33. Nb3 f5 34. Qh3 Qb7 35. Rb2 a5 36. Rbb1 Qe7 37. Ra1 a4 38. Nbd2 Be2 39. Rdc1 e4 40. Nd4 Qa3 41. Re1 Bxd4 42. exd4 Qxh3 43. gxh3 Bd3 44. Rac1 Rxc1 45. Rxc1 f4 0-1

[Event "IECG CB.2001.0.00012 email"]
[Site "IECG email"]
[Date "2001.08.05"]
[Round "1"]
[White "Tokmachev, Vladimir"]
[Black "Mahony, Michael"]
[Result "0-1"]
[WhiteElo "1923"]
[BlackElo "1910"]
[PlyCount "82"]
[EventDate "2001.08.12"]
[EventType "tourn (corr)"]
[EventRounds "6"]
[SourceTitle "Corr 2024"]
[Source "ChessBase"]
[SourceDate "2023.10.19"]
[SourceVersion "1"]
[SourceVersionDate "2023.10.19"]
[SourceQuality "1"]

1. e4 e5 2. Nf3 f5 3. Nxe5 Qf6 4. Nc4 fxe4 5. Nc3 Qf7 6. d4 Nf6 7. Bg5 Bb4 8. Ne5 Qe6 9. Bc4 d5 10. Bxf6 0-0 11. Be7 Bxc3+ 12. bxc3 Re8 13. Bxd5 Qxd5 14. Bg5 Nc6 15. Bf4 Nxe5 16. Bxe5 Qc4 17. Qd2 Bf5 18. Rb1 Rad8 19. Qe3 b6 20. Rb3 c5 21. h4 Be6 22. Ra3 cxd4 23. Bxd4 Re7 24. Qg5 Rdd7 25. h5 h6 26. Qe3 Qb5 27. Rb3 Bxb3 28. axb3 Qa5 29. Rh4 Qa1+ 30. Kd2 Qf1 31. Rxe4 Rxe4 32. Qxe4 Qxf2+ 33. Kc1 Qf7 34. Qe2 Re7 35. Qd1 Qd5 36. Qg4 Qe6 37. Qxe6+ Rxe6 38. c4 Re4 39. c3 Rg4 40. c5 bxc5 41. Bxc5 a6 0-1